000 00277nam a2200109Ia 4500
005 20251222144644.0
008 251222s9999||||xx |||||||||||||| ||spa||
082 _a860.1/R73
100 _a"Roderic Guzman, Josep"
245 0 _aLes teories de la recepció literaria
942 _cLIB
999 _c16796
_d16796